U.S. States that Start With "New" or Cardinal Directions - Statistics

General Stats
  • This quiz has been taken 125 times
    119 since last reset
  • The average score is 8 of 9
Answer Stats
State % Correct
New Jersey
95%
New York
95%
New Mexico
92%
New Hampshire
88%
North Carolina
87%
North Dakota
85%
South Carolina
84%
South Dakota
84%
West Virginia
81%
No matching quizzes found
Score Distribution
Percent of People with Each Score
Percentile by Number Answered
Your Score History
You have not taken this quiz since the last reset